Statistiques concernant Blue lock : Passes Décisives

Cliquez ici pour prendre le quiz!

Statistiques générales

  • Ce quiz a été pris 18 fois
    (14 depuis la dernière actualisation)
  • Le résultat moyen est 15 sur 19

Statistiques - réponses

HintRéponse% Correct
vs team XKunigami
100%
vs team VBachira
90%
vs team WChigiri
90%
vs Japan teamBaro
80%
vs red team rinBaro
80%
vs team YGagamaru
80%
vs BarchaKunigami
80%
vs red team rinNagi
80%
vs red team reoNagi
80%
vs red team reoNagi
80%
vs red team baroNagi
80%
vs red team baroNagi
80%
vs red team baroNagi
80%
vs red team baroNagi
80%
vs red team baroNagi
80%
vs ManshineYukimiya
80%
vs UberKaiser
70%
vs ManshineKunigami
70%
vs team BShido
60%

Distribution des résultats

Percentile par nombre de réponses

% des personnes avec chaque résultat

Votre développement - résultats

Vous n’avez pas pris ce quiz depuis la dernière actualisation